Normal view
MARC view
Entry Topical Term
001 - CONTROL NUMBER
- control field: 5359
003 - CONTROL NUMBER IDENTIFIER
- control field: OSt
005 - DATE AND TIME OF LATEST TRANSACTION
- control field: 20150813153720.0
008 - FIXED-LENGTH DATA ELEMENTS
- fixed length control field: 150813|| aca||aabn | a|a d
040 ## - CATALOGING SOURCE
- Original cataloging agency: OSt
- Transcribing agency: OSt
150 ## - HEADING--TOPICAL TERM
- Topical term or geographic name entry element: Languages
670 ## - SOURCE DATA FOUND
- Source citation: Work cat.: (OSt)3716: Ramaiah, L.S. 5358, General And Comparative Dravidian Languages And Linguistics, 1994









